000 01012nam a2200253 a 4500
001 000011362
005 20240316073900.0
008 091016s2004 dr r 000 0 spa d
020 _a9993439274
040 _aDO-SdBNP
_bspa
_cBNPHU
082 _aRD862.08
_bA634t
245 0 0 _aAntología del teatro dominicano contemporáneo /
_ccompilador L. Howard Quackenbush ; cuidado de edición Tomás Castro Burdiez.
260 _aSanto Domingo :
_bLibrería Trinitaria,
_c2004.
300 _a2v. ;
_c23 cm.
500 _aIncluye datos biográficos del autor en las solapas
504 _aIncluye referencias bibliográficas y notas al pie de las páginas
504 _aBibliografía : p. 309-310
590 _aInventariado, 2019 / DG
650 4 _aTeatro dominicano
_ySIGLO XX
_xColecciones
_926977
650 4 _aLiteratura dominicana
_ySIGLO XX
_xColecciones
_926978
700 1 2 _aQuackenbush, L. Howard,
_ecomp.
_91385
700 2 _aCastro, Tomás,
_d1959-
_eed.
_924641
910 _aValidado. Control de calidad. MFF
999 _c11069
_d11069